Importance of Foreign Direct Investment for Developing Creative Industry in Slovak Republic
Vznik a charakteristika kreatívneho priemyslu. Klasifikácia kreatívneho priemyslu podľa UNCTAD. Vplyv priamych zahraničných investícií na rozvoj kreatívnej ekonomiky v Slovenskej republike.
Saved in:
| Main Author: | |
|---|---|
| Other Authors: | |
| Format: | Book Chapter |
| Language: | English |
| Subjects: | |
| Tags: |
No Tags, Be the first to tag this record!
|
MARC
| LEADER | 00000naa$a2200000$$$4500 | ||
|---|---|---|---|
| 001 | 0212886 | ||
| 005 | 20240502083533.1 | ||
| 041 | 0 | |a eng | |
| 044 | |a PL | ||
| 245 | 1 | 0 | |a Importance of Foreign Direct Investment for Developing Creative Industry in Slovak Republic |c Veronika Piovarčiová, Ľubomír Darmo |
| 520 | |a Vznik a charakteristika kreatívneho priemyslu. Klasifikácia kreatívneho priemyslu podľa UNCTAD. Vplyv priamych zahraničných investícií na rozvoj kreatívnej ekonomiky v Slovenskej republike. | ||
| 610 | 2 | 0 | |a priemysel kreatívny |
| 610 | 2 | 0 | |a kreativita |
| 610 | 2 | 0 | |a investície priame zahraničné |
| 610 | 2 | 0 | |a produkt domáci hrubý |
| 610 | 2 | 0 | |a ekonomika kreatívna |
| 100 | 1 | |a Piovarčiová, Veronika, 1951- | |
| 700 | 1 | |a Darmo, Ľubomír, 1984- | |